000 01387nam a22003857a 4500
003 CHAP
005 20220329134122.0
008 971013s1983 r 00010 d
010 _a15668
011 _a16640
035 _a20722
040 _cCHAP
090 _aTesis
100 0 0 _aGuajardo Garza, Heberto Francisco.
_950957
245 _aEfecto de la aplicación de estiércol fermentado, cal y azufre en el rendimiento de la papa (Solanum tuberosum L.) cultivada en suelo calcáreo
260 _aMonterrey, N.L. :
_bEl autor,
_c1983
300 _a40 h.
_b: tablas ; gráfs
502 _aTesis (Ing. Agrónomo Administrador) -- ITESM. Div. de Ciencias Agropecuarias y Marítimas
590 _aALEPH
_b10
_c20130110
_lUCH01
_h1237
590 _aBATCH-UPD
_b10
_c20130110
_lUCH01
_h0305
590 _aBATCH-UPD
_b10
_c20130110
_lUCH01
_h1326
590 _aBATCH-UPD
_b10
_c20130409
_lUCH01
_h2337
590 _aBATCH-UPD
_b10
_c20130410
_lUCH01
_h1446
590 _aBATCH-UPD
_b10
_c20130913
_lUCH01
_h1823
590 _aBATCH-UPD
_b10
_c20130914
_lUCH01
_h1326
590 _aCONVERSION
_b10
_c20130109
_lUCH01
_h1310
650 1 4 _aAbonos.
_9235
650 1 4 _aEstiércol.
_938313
650 1 4 _aFertilizantes para papa.
_940631
650 1 4 _aPapa
_xRendimiento.
_985284
650 1 4 _aSuelos calcáreos.
_9110539
901 _aBK
942 _cTESIS
949 _bBC
_cTES
_d-48296
_eTS1
_i20722
_si
999 _c15668
_d15668